The benefits of hindsight (Record no. 81631)

MARC details
000 -LEADER
fixed length control field 00803cab a22001935a 4500
001 - CONTROL NUMBER
control field L147751
008 - FIXED-LENGTH DATA ELEMENTS--GENERAL INFORMATION
fixed length control field 090612e2009 xxkd g 000 0 eng d
035 ## - SYSTEM CONTROL NUMBER
System control number (Sirsi) u147751
041 0# - LANGUAGE CODE
Language code of text/sound track or separate title eng
100 1# - MAIN ENTRY--PERSONAL NAME
Personal name Laing, James
245 04 - TITLE STATEMENT
Title The benefits of hindsight
260 ## - PUBLICATION, DISTRIBUTION, ETC.
Date of publication, distribution, etc. 2009
490 ## - SERIES STATEMENT
Series statement Farmland Market
Volume/sequential designation 71 Spring 2009, 14-15(2)
520 ## - SUMMARY, ETC.
Summary, etc. Tracks the changes in agricultural land prices since 1974. In 1974 the economic crisis and rising food prices prompted a tripling in the cost of agricultural land. The reasons for this are explored, and then compared and contrasted to the current increase in agricultural land prices.
590 ## - LOCAL NOTE (RLIN)
Local note KA
651 #4 - SUBJECT ADDED ENTRY--GEOGRAPHIC NAME
Geographic name United Kingdom
Chronological subdivision
690 ## - LOCAL SUBJECT ADDED ENTRY--TOPICAL TERM (OCLC, RLIN)
Topical term or geographic name as entry element PROPERTY-RURAL AND NATURAL ASSETS-AGRICULTURAL PROPERTY-AGRICULTURAL PROPERTY MARKET
942 ## - ADDED ENTRY ELEMENTS (KOHA)
Suppress in OPAC 0
Holdings
Withdrawn status Lost status Source of classification or shelving scheme Damaged status Not for loan Home library Current library Shelving location Date acquired Total Checkouts Full call number Barcode Date last seen Copy number Price effective from Koha item type
    Dewey Decimal Classification     London London Journal article 12/06/2009   L147751 147751-1001 06/08/2019 1 06/08/2019 Journal article